| 000 | 00327nam a22001217a 4500 | ||
|---|---|---|---|
| 008 | 230703b xxu||||| |||| 00| 0 eng d | ||
| 082 |
_a351.05 _bDPM |
||
| 100 | _cMinistry of tourism and Wildlife | ||
| 245 | _adirectory of the Ministry of Tourism and Wildlife | ||
| 260 |
_aKenya _bGOK _c1997 |
||
| 300 | _a105p | ||
| 942 |
_2ddc _cBK |
||
| 999 |
_c3266 _d3266 |
||